000 01047nam0a2200313 i 4500
001 RU\NLR\BIBL_A\010024352
005 20260406084544.0
010 _a9785699556946
_95000
021 _aRU
_b2013-95988
_96660
035 _a(NILC)RuMoRGB-006701183
035 _a(NLR Aleph) 010024352
090 _a9917684
_c9917684
100 _a20140123d2013 um y0rusy50 ca
101 0 _arus
102 _aRU
105 _aa||||||||||||
200 1 _aТеневой король
_e[роман]
_fВладимир Колычев
210 _aМосква
_cЭксмо
_d2013
215 _a349, [1] с.
_d17
225 1 _aМастер криминальной интриги
686 2 _aШ6(2=Р)8-446
700 1 _7ca
_8rus
_aКолычев
_bВ. Г.
_f1968-
_gВладимир Григорьевич
_936105
_3RU\NLR\AUTH\7753172
801 0 _aRU
_bRuMoRKP
_c20120504
_gRCR
801 2 _aRU
_bРГБ
_c20131126
_grcr
801 1 _aRU
_bRuMoRKP
_c20120504
_2rusmarc
942 _cBOOK
980 _aNBR